El régimen legal de la abogacía en Colombia / (Registro nro. 8413)
[ vista simple ]
| 000 -LEADER | |
|---|---|
| fixed length control field | 01958nam a2200241Ia 4500 |
| 003 - CONTROL NUMBER IDENTIFIER | |
| control field | OSt |
| 005 - DATE AND TIME OF LATEST TRANSACTION | |
| control field | 20210827140217.0 |
| 008 - FIXED-LENGTH DATA ELEMENTS--GENERAL INFORMATION | |
| fixed length control field | 210310s1981 ck fr 000 0 spa d |
| 020 ## - INTERNATIONAL STANDARD BOOK NUMBER | |
| International Standard Book Number | 8482721682 |
| 040 ## - CATALOGING SOURCE | |
| Original cataloging agency | CO-JMCR |
| Transcribing agency | CO-JMCR |
| 041 0# - LANGUAGE CODE | |
| Language code of text/sound track or separate title | spa |
| 082 04 - DEWEY DECIMAL CLASSIFICATION NUMBER | |
| Classification number | 340.112 / |
| Item number | C122r |
| Edition number | 23 |
| 100 1# - MAIN ENTRY--PERSONAL NAME | |
| Personal name | Cadena Corredor, Edgar Ignacio, |
| 9 (RLIN) | 17196 |
| Relator term | autor |
| 245 13 - TITLE STATEMENT | |
| Title | El régimen legal de la abogacía en Colombia / |
| Statement of responsibility, etc. | Edgar Ignacio Cadena Corredor |
| 260 ## - PUBLICATION, DISTRIBUTION, ETC. | |
| Place of publication, distribution, etc. | Bogotá : |
| Name of publisher, distributor, etc. | Editorial Temis, |
| Date of publication, distribution, etc. | 1981 |
| 300 ## - PHYSICAL DESCRIPTION | |
| Extent | xiii, 248 páginas ; |
| Dimensions | 23 cm. |
| 500 ## - GENERAL NOTE | |
| General note | Incluye notas a pie de página e índice de autores, de disposiciones y de materias. |
| 504 ## - BIBLIOGRAPHY, ETC. NOTE | |
| Bibliography, etc. note | Bibliografía: páginas [235]-237 |
| 505 0# - FORMATTED CONTENTS NOTE | |
| Formatted contents note | Ley 16 de 1968 y decretos extraordinarios 320, 1158, 1350 y 1766 de 1970 -- Ejercicio de la profesión liberal de la abogacía -- Las leyes 62 de 1928, 21 de 1931 y 69 de 1945 -- Exequibilidad del Decreto 196 de 1971 -- Los artículos 1 y 2 del Decreto 196 de 1971 y el concepto sobre la profesión de la abogacía -- La calidad de abogado en Colombia -- Del ejercicio de la profesión. Régimen general y excepciones -- Régimen de incompatitibilidades -- Ejercicio ilegal de la profesión -- La inscripción y el título II del Decreto 196 de 1971 -- El Ministerio de Justicia y la Inspección y vigilancia de la profesión -- Los consultores jurídicos -- Importancia de una regulación ética para el ejercicio profesional de la abogacía -- Los títulos V y VI (capítulo I) del Decreto 196 de 1971 -- El tribunal disciplinario -- El consejo superior de la judicatura -- Jurisdicción y competencia en materia disciplinaria -- Prescripción de la acción y de las sanciones disciplinarias -- Aplicación supletoria de otros ordenamientos jurídicos -- Sanciones disciplinarias -- Responsabilidad de las profesiones liberales |
| 650 14 - SUBJECT ADDED ENTRY--TOPICAL TERM | |
| Topical term or geographic name entry element | Abogados |
| 9 (RLIN) | 17198 |
| General subdivision | Legislación |
| Geographic subdivision | Colombia |
| 650 24 - SUBJECT ADDED ENTRY--TOPICAL TERM | |
| Topical term or geographic name entry element | Abogados |
| General subdivision | Reglamentos |
| Geographic subdivision | Colombia |
| 9 (RLIN) | 39776 |
| 942 ## - ADDED ENTRY ELEMENTS (KOHA) | |
| Source of classification or shelving scheme | Dewey Decimal Classification |
| Koha item type | Books |
| Withdrawn status | Lost status | Source of classification or shelving scheme | Damaged status | Not for loan | Collection code | Home library | Current library | Date acquired | Source of acquisition | Full call number | Barcode | Date last seen | Copy number | Koha item type |
|---|---|---|---|---|---|---|---|---|---|---|---|---|---|---|
| Dewey Decimal Classification | Non-fiction | Biblioteca Pública José María del Castillo y Rada | Biblioteca Pública José María del Castillo y Rada | 04/15/2018 | Donación | 340.112 / C122r | 430006377 | 05/16/2024 | Ej.1 | Books |